000 01075nam a22003257a 4500
003 CHAP
005 20220329135246.0
008 971013s1942 r 00010 d
010 _a33409
011 _a34381
035 _a38497
040 _cCHAP
082 _a633.71
_bM3
100 0 0 _aMayer, Adolf.
_973229
245 _aConcerning the mosaic disease of tobacco
260 _aIThaca, N.L. :
_bAmerican Phytopathological Society,
_c1942
300 _app. 11-26
490 _aPhytopathological classics
_v; 7
501 _aEnc. con otros impresos similares
590 _aBATCH-UPD
_b10
_c20130109
_lUCH01
_h2354
590 _aBATCH-UPD
_b10
_c20130110
_lUCH01
_h2145
590 _aCONVERSION
_b10
_c20130109
_lUCH01
_h1319
650 1 4 _aTabaco
_xEnfermedades.
_9111213
650 1 4 _aVirus del mosaico del tabaco.
_9119964
830 0 _aPhytopathological classics
_v; 7
_987910
901 _aBK
942 _cLIBRO
949 _a633.71 M3
_bBC
_cLIBRO
_d33724000215927
_eLIBRO
_h22772
_i38497
_si
949 _a633.71 M3
_bBC
_cLIBRO
_d33724000215935
_eLIBRO
_fc.2
_h22773
_i38497
_si
999 _c33409
_d33409